[Event "4NCL/Div1a/CAMB1 vs. SWD1"]
[Site "Sunningdale ENG"]
[Date "2008.10.05"]
[Round "2.2"]
[White "Cooper, John G"]
[Black "Pinter, Gabor"]
[Result "1/2-1/2"]
[WhiteElo "2362"]
[BlackElo "2355"]
[PlyCount "51"]
[EventDate "2008.10.05"]
[SourceDate "2008.10.04"]

1. c4 e5 2. g3 Nc6 3. Bg2 g6 4. Nc3 Bg7 5. e4 d6 6. Nge2 Nge7 7. d3 O-O 8. O-O
Rb8 9. Be3 a6 10. d4 exd4 11. Nxd4 Ne5 12. Qe2 c5 13. Nc2 Bg4 14. f3 Be6 15.
Na3 N5c6 16. f4 Qd7 17. Qd3 Nd4 18. Bxd4 Bxd4+ 19. Kh1 Bg7 20. Rad1 Rfd8 21. b3
Bg4 22. Rd2 Nc6 23. Nc2 b5 24. Nd5 Be6 25. Nde3 Bh3 26. Rfd1 1/2-1/2

[Event "4NCL/Div1a/CAMB1 vs. SWD1"]
[Site "Sunningdale ENG"]
[Date "2008.10.05"]
[Round "2.3"]
[White "Mah, Karl C C"]
[Black "Rees, Ioan"]
[Result "1-0"]
[WhiteElo "2408"]
[BlackElo "2297"]
[PlyCount "77"]
[EventDate "2008.10.05"]
[SourceDate "2008.10.04"]

1. c4 e6 2. Nf3 Nf6 3. g3 d5 4. b3 Be7 5. Bg2 O-O 6. O-O c6 7. Bb2 Nbd7 8. e3
b6 9. Qe2 Ba6 10. Nc3 Rc8 11. e4 e5 12. exd5 cxd5 13. d3 Re8 14. Nd2 Bb4 15.
Nxd5 Nxd5 16. Bxd5 Bxd2 17. Qxd2 Nf6 18. Bg2 Rc7 19. Rad1 Bb7 20. Bxb7 Rxb7 21.
Rfe1 Rbe7 22. Qg5 h6 23. Qf5 Qd6 24. Qf3 Nh7 25. h4 Nf8 26. Re3 f6 27. d4 exd4
28. Bxd4 Qa3 29. Qd5+ Kh7 30. Rxe7 Rxe7 31. Qf5+ Kg8 32. Qc2 Rd7 33. Kh2 Qd6
34. Rd2 Kf7 35. Qf5 Qb4 36. Bxf6 g6 37. Rxd7+ Nxd7 38. Qxd7+ Kxf6 39. Qxa7 1-0

[Event "4NCL/Div1a/CAMB1 vs. SWD1"]
[Site "Sunningdale ENG"]
[Date "2008.10.05"]
[Round "2.4"]
[White "Kett, Timothy"]
[Black "Alfred, Nathan"]
[Result "1-0"]
[WhiteElo "2272"]
[BlackElo "2323"]
[PlyCount "91"]
[EventDate "2008.10.05"]
[SourceDate "2008.10.04"]

1. e4 g6 2. d4 Bg7 3. Nc3 c6 4. Nf3 d6 5. Bc4 Nf6 6. Bb3 O-O 7. O-O Bg4 8. h3
Bxf3 9. Qxf3 e5 10. Be3 Qe7 11. a4 a5 12. Rad1 Na6 13. Rfe1 Nd7 14. Qg3 Kh8 15.
f4 exd4 16. Bxd4 Nac5 17. Ba2 Rae8 18. Qf2 f6 19. Qd2 Rd8 20. Bf2 Nb6 21. Bxc5
dxc5 22. Qe3 Na8 23. f5 Rfe8 24. Qg3 Qe5 25. Qxe5 fxe5 26. Rf1 Rxd1 27. Nxd1
Rf8 28. Ne3 Nb6 29. Bb3 Bh6 30. Nc4 Nxc4 31. Bxc4 gxf5 32. exf5 Kg7 33. g4 Bg5
34. Rd1 Rd8 35. Rxd8 Bxd8 36. Kf2 Bh4+ 37. Kf3 Kf6 38. Ke4 Ke7 39. Kxe5 Bf6+
40. Kf4 Bxb2 41. g5 Kd6 42. f6 Be5+ 43. Kf5 Bg3 44. g6 hxg6+ 45. Kxg6 Be5 46.
h4 1-0

[Event "4NCL/Div1a/CAMB1 vs. SWD1"]
[Site "Sunningdale ENG"]
[Date "2008.10.05"]
[Round "2.5"]
[White "Moskovic, David M"]
[Black "Morris, Charles F"]
[Result "1-0"]
[WhiteElo "2307"]
[BlackElo "2195"]
[PlyCount "87"]
[EventDate "2008.10.05"]
[SourceDate "2008.10.04"]

1. e4 e6 2. d4 d5 3. e5 c5 4. c3 Nc6 5. Nf3 Bd7 6. Be2 Nge7 7. Na3 cxd4 8. cxd4
Nf5 9. Nc2 Qb6 10. h4 Nb4 11. Nxb4 Bxb4+ 12. Kf1 Bb5 13. a3 Bxe2+ 14. Kxe2 Qa6+
15. Qd3 Qxd3+ 16. Kxd3 Ba5 17. g4 Ne7 18. h5 h6 19. b4 Bb6 20. Bd2 Kd7 21. a4
Rag8 22. a5 Bd8 23. b5 g5 24. a6 bxa6 25. Rxa6 Bb6 26. Ba5 Nc8 27. Rc1 Re8 28.
Nd2 Rhf8 29. Bb4 Ne7 30. Nb3 Rc8 31. Nc5+ Ke8 32. Re1 Rc7 33. Re3 Rh8 34. Rf3
Rh7 35. Ba3 Nc8 36. Rf6 Re7 37. Na4 Rb7 38. Rf3 Kd8 39. Nc3 Rc7 40. Na4 Rc4 41.
Nxb6 axb6 42. Rf6 Ke8 43. Ra8 Rh8 44. Bc5 1-0

[Event "4NCL/Div1a/CAMB1 vs. SWD1"]
[Site "Sunningdale ENG"]
[Date "2008.10.05"]
[Round "2.7"]
[White "Quist, Sven Roy"]
[Black "Zeidler, Sven P"]
[Result "0-1"]
[WhiteElo "2137"]
[BlackElo "2224"]
[PlyCount "128"]
[EventDate "2008.10.05"]
[SourceDate "2008.10.04"]

1. c4 f5 2. Nc3 Nf6 3. g3 g6 4. Bg2 Bg7 5. d3 d6 6. e4 Nc6 7. Nge2 O-O 8. O-O
e5 9. Nd5 Ne7 10. Bg5 Nexd5 11. cxd5 h6 12. Bd2 Nh5 13. Nc3 f4 14. Bf3 Bh3 15.
Bxh5 gxh5 16. Qxh5 Bxf1 17. Kxf1 Rf7 18. Ke2 Qg5 19. Qh3 f3+ 20. Kd1 Qg6 21.
Kc2 Kh7 22. Qf1 h5 23. Nd1 c6 24. Ne3 Bh6 25. dxc6 Rc8 26. Rd1 Bxe3 27. Bxe3
bxc6 28. Qh3 Qg4 29. Qxg4 hxg4 30. h4 gxh3 31. Rh1 Kg7 32. Rxh3 Rh8 33. Rxh8
Kxh8 34. d4 exd4 35. Bxd4+ Kh7 36. Kd3 Kg6 37. Be3 Kh5 38. Bf4 Rd7 39. Kd4 Kg4
40. b3 Kh3 41. Kd3 Kg2 42. Be3 Rg7 43. e5 dxe5 44. Ke4 a5 45. Kxe5 Rg4 46. Kf5
Kh3 47. a3 Rg8 48. b4 a4 49. Kf4 Rf8+ 50. Ke4 Kg4 51. Ke5 Re8+ 52. Kd4 Kf5 53.
Kd3 Re5 54. Kd4 Rd5+ 55. Kc4 Ke4 56. Ba7 Rd3 57. b5 cxb5+ 58. Kxb5 Rxa3 59. Kb4
Ra2 60. Bc5 Rc2 61. Ba7 Rc7 62. Be3 Rg7 63. Bc5 Kd5 64. Be3 Re7 0-1

[Event "4NCL/Div1a/CAMB1 vs. SWD1"]
[Site "Sunningdale ENG"]
[Date "2008.10.05"]
[Round "2.8"]
[White "Blackburn, Suzie"]
[Black "Kourtseva, Julie"]
[Result "1-0"]
[WhiteElo "1883"]
[BlackElo "1815"]
[PlyCount "39"]
[EventDate "2008.10.05"]
[SourceDate "2008.10.04"]

1. d4 Nf6 2. Nf3 d5 3. Bg5 Ne4 4. Bf4 c5 5. c3 Nc6 6. e3 Bg4 7. h3 Bxf3 8. Qxf3
e6 9. Bd3 cxd4 10. exd4 Nf6 11. Nd2 Bd6 12. Bg5 O-O 13. Bc2 b5 14. Qd3 g6 15.
h4 a6 16. h5 Ra7 17. Qh3 Re8 18. hxg6 fxg6 19. Bxg6 Be7 20. Qxe6+ 1-0

[Event "4NCL/Div1a/CAMB1 vs. GUI2"]
[Site "Hinckley Island ENG"]
[Date "2008.12.06"]
[Round "3.1"]
[White "Wong, Zi Jing"]
[Black "Kosten, Anthony C"]
[Result "0-1"]
[WhiteElo "2414"]
[BlackElo "2510"]
[PlyCount "78"]
[EventDate "2008.12.06"]
[SourceDate "2008.10.04"]

1. e4 e5 2. Nf3 Nc6 3. Bc4 Nf6 4. d3 Bc5 5. Nc3 h6 6. Be3 Bb6 7. Qd2 d6 8.
O-O-O Ba5 9. h3 Be6 10. Bb3 d5 11. exd5 Nxd5 12. Bc5 Qf6 13. Kb1 Nxc3+ 14. bxc3
O-O-O 15. Bxe6+ Qxe6 16. Rhe1 Rhe8 17. Ba3 Qg6 18. g3 Qf6 19. Ng1 Nd4 20. Bb2
Qc6 21. Re3 Re6 22. Ne2 Nf5 23. Re4 Nd6 24. Rg4 g5 25. Qe3 Bb6 26. Qd2 f5 27.
Rb4 a5 28. Rb3 Ne4 29. Qc1 Nxf2 30. Rf1 e4 31. d4 e3 32. Qe1 a4 33. Ra3 Qc4 34.
Bc1 Bc5 35. dxc5 Rd1 36. Qxd1 Nxd1 37. Re1 Qxc5 38. Rxd1 Qb5+ 39. Ka1 Rb6 0-1

[Event "4NCL/Div1a/CAMB1 vs. GUI2"]
[Site "Hinckley Island ENG"]
[Date "2008.12.06"]
[Round "3.2"]
[White "Prie, Eric"]
[Black "Dearing, Eddie"]
[Result "1-0"]
[WhiteElo "2491"]
[BlackElo "2393"]
[PlyCount "51"]
[EventDate "2008.12.06"]
[SourceDate "2008.10.04"]

1. d4 g6 2. e4 Bg7 3. f4 d6 4. Nf3 Nf6 5. e5 Nd5 6. c4 Nb6 7. Nc3 O-O 8. Be3
Bg4 9. h3 Bxf3 10. Qxf3 dxe5 11. dxe5 Nc6 12. Rd1 Qc8 13. c5 Nd7 14. Bb5 Ndb8
15. Qe4 f6 16. Bc4+ Kh8 17. h4 fxe5 18. h5 Qg4 19. hxg6 h6 20. f5 Qxe4 21. Nxe4
Rxf5 22. g4 Rf3 23. Ke2 Rxe3+ 24. Kxe3 Nd4 25. Rdf1 Nd7 26. g5 1-0

[Event "4NCL/Div1a/CAMB1 vs. GUI2"]
[Site "Hinckley Island ENG"]
[Date "2008.12.06"]
[Round "3.3"]
[White "Pinter, Gabor"]
[Black "Flear, Glenn C"]
[Result "0-1"]
[WhiteElo "2355"]
[BlackElo "2473"]
[PlyCount "80"]
[EventDate "2008.12.06"]
[SourceDate "2008.10.04"]

1. e4 e5 2. Nf3 Nc6 3. Bb5 a6 4. Ba4 Nf6 5. d3 d6 6. c3 g6 7. Bg5 h6 8. Bh4 Bd7
9. Nbd2 Be7 10. O-O Nh5 11. Bxe7 Qxe7 12. Re1 Nf4 13. Nf1 O-O 14. d4 Rae8 15.
a3 Qf6 16. d5 Nb8 17. Bxd7 Nxd7 18. c4 Qg7 19. g3 Nh5 20. Nh4 Qf6 21. b4 Qg5
22. Nf3 Qg4 23. Nh4 Qg5 24. Nf3 Qg4 25. Ne3 Qh3 26. Nh4 Ndf6 27. Qf3 Nh7 28. c5
dxc5 29. bxc5 Nf4 30. Neg2 Ng5 31. Qe3 Nxg2 32. Nxg2 f5 33. exf5 Qxf5 34. Nh4
Qd7 35. Red1 Nh3+ 36. Kg2 Rxf2+ 37. Kh1 g5 38. Ng2 Qf5 39. d6 Rf8 40. Qb3+ Kh8
0-1

[Event "4NCL/Div1a/CAMB1 vs. GUI2"]
[Site "Hinckley Island ENG"]
[Date "2008.12.06"]
[Round "3.4"]
[White "Shaw, John K"]
[Black "Mah, Karl C C"]
[Result "1-0"]
[WhiteElo "2469"]
[BlackElo "2408"]
[PlyCount "107"]
[EventDate "2008.12.06"]
[SourceDate "2008.10.04"]

1. e4 e6 2. d4 d5 3. Nd2 Nf6 4. e5 Nfd7 5. Bd3 c5 6. c3 Nc6 7. Ne2 cxd4 8. cxd4
f6 9. exf6 Nxf6 10. Nf3 Bd6 11. O-O O-O 12. Bf4 Bxf4 13. Nxf4 Ne4 14. Qc1 Ng5
15. Nxg5 Qxg5 16. Ne2 Qxc1 17. Raxc1 a6 18. Rc5 Bd7 19. a3 Rac8 20. Rfc1 Na7
21. Rxc8 Rxc8 22. Rxc8+ Nxc8 23. f3 Nd6 24. Nc3 Nc4 25. Bxc4 dxc4 26. d5 Kf8
27. dxe6 Bxe6 28. Kf2 Ke7 29. Ke3 Kd6 30. Kd4 b5 31. f4 Bf5 32. Nd5 h5 33. Ne3
Bc8 34. f5 Bb7 35. g3 Bc6 36. h3 Be8 37. g4 hxg4 38. hxg4 g5 39. Nf1 Bc6 40.
Nd2 Ke7 41. Ne4 a5 42. Nxg5 Bg2 43. Ne4 b4 44. axb4 axb4 45. g5 c3 46. bxc3 b3
47. Nd2 b2 48. c4 Kf7 49. c5 Bh3 50. Ke5 Bg2 51. g6+ Kg7 52. Ke6 Kf8 53. g7+
Kxg7 54. Ke7 1-0

[Event "4NCL/Div1a/CAMB1 vs. GUI2"]
[Site "Hinckley Island ENG"]
[Date "2008.12.06"]
[Round "3.5"]
[White "Alfred, Nathan"]
[Black "Cherniaev, Alexander"]
[Result "0-1"]
[WhiteElo "2323"]
[BlackElo "2438"]
[PlyCount "82"]
[EventDate "2008.12.06"]
[SourceDate "2008.10.04"]

1. d4 f5 2. g3 Nf6 3. Bg2 g6 4. c4 Bg7 5. Nh3 d6 6. Nf4 Nc6 7. d5 Ne5 8. Nd2
O-O 9. h4 Qe8 10. Qb3 c5 11. Nf3 Nxf3+ 12. Bxf3 Rb8 13. h5 g5 14. h6 Bh8 15.
Ne6 Bxe6 16. dxe6 g4 17. Bg2 Qg6 18. Qd3 Ne4 19. Bxe4 fxe4 20. Qd5 Be5 21. Be3
b5 22. Bxc5 Bxb2 23. Bd4 Bxa1 24. Bxa1 e3 25. fxe3 Qb1+ 26. Qd1 bxc4 27. Kd2
Qxa2+ 28. Qc2 Qxc2+ 29. Kxc2 Rf5 30. Bd4 Rg5 31. Bxa7 Ra8 32. Bd4 Rg6 33. Kc3
Rc8 34. Rh4 Rxe6 35. Rxg4+ Rg6 36. Rxg6+ hxg6 37. e4 Kf7 38. e5 d5 39. g4 g5
40. e6+ Kg6 41. Bg7 Rc6 0-1

[Event "4NCL/Div1a/CAMB1 vs. GUI2"]
[Site "Hinckley Island ENG"]
[Date "2008.12.06"]
[Round "3.6"]
[White "Tissir, Mohamed"]
[Black "Churm, Rohan M"]
[Result "1-0"]
[WhiteElo "2463"]
[BlackElo "2207"]
[PlyCount "101"]
[EventDate "2008.12.06"]
[SourceDate "2008.10.04"]

1. e4 e6 2. d4 d5 3. Nd2 Nf6 4. e5 Nfd7 5. Bd3 c5 6. c3 Nc6 7. Ne2 cxd4 8. cxd4
f6 9. exf6 Nxf6 10. Nf3 Bd6 11. O-O O-O 12. Bf4 Bxf4 13. Nxf4 Ne4 14. Qc1 Ng5
15. Nxg5 Qxg5 16. Ne2 Qxc1 17. Raxc1 a6 18. Rc5 Bd7 19. a3 Na7 20. Rfc1 Bb5 21.
R1c3 Bxd3 22. Rxd3 Rac8 23. Re3 Nb5 24. Kf1 Rce8 25. f3 Nd6 26. b3 Re7 27. a4
Kf7 28. g4 Ke8 29. Kg2 Kd7 30. Rec3 Rc8 31. Nf4 Rxc5 32. dxc5 Nf7 33. b4 Ne5
34. Re3 Nc4 35. Re1 d4 36. Nd3 e5 37. Rc1 Ne3+ 38. Kf2 Kc6 39. b5+ axb5 40.
Nb4+ Kc7 41. axb5 Rd7 42. b6+ Kb8 43. c6 Rd6 44. Ra1 Nd5 45. Ra7 Nxb6 46. Rxb7+
Kc8 47. Rxb6 d3 48. Ke1 e4 49. Na6 d2+ 50. Kd1 e3 51. Rb8# 1-0

[Event "4NCL/Div1a/CAMB1 vs. GUI2"]
[Site "Hinckley Island ENG"]
[Date "2008.12.06"]
[Round "3.7"]
[White "Conlon, Joe"]
[Black "Buckley, Graeme"]
[Result "1/2-1/2"]
[WhiteElo "2212"]
[BlackElo "2399"]
[PlyCount "201"]
[EventDate "2008.12.06"]
[SourceDate "2008.10.04"]

1. e4 Nf6 2. e5 Nd5 3. d4 d6 4. c4 Nb6 5. f4 g6 6. Nc3 Bg7 7. Be3 O-O 8. Nf3
Bg4 9. h3 Bxf3 10. Qxf3 Nc6 11. O-O-O e6 12. h4 d5 13. h5 f5 14. exf6 Qxf6 15.
cxd5 Nb4 16. h6 Bh8 17. dxe6 Qxe6 18. g4 Rae8 19. Rh3 Nxa2+ 20. Nxa2 Qxa2 21.
Qxb7 c5 22. Qa6 Qb3 23. Qb5 Qa2 24. Qa6 Qe6 25. dxc5 Qxg4 26. Qa2+ Rf7 27. cxb6
Rc8+ 28. Bc4 axb6 29. Rhh1 Qe6 30. Rd8+ Rf8 31. Rxc8 Rxc8 32. b3 b5 33. f5 gxf5
34. Rg1+ Kf8 35. Qa3+ Ke8 36. Re1 bxc4 37. Bd2 Be5 38. Qa5 Kf7 39. Qxe5 cxb3+
40. Kb1 Qxe5 41. Rxe5 Kf6 42. Rb5 Rc4 43. Rb6+ Ke5 44. Rb7 Rh4 45. Rxh7 Kf6 46.
Rc7 f4 47. Rc4 Rxh6 48. Rxf4+ Ke5 49. Rc4 Rh1+ 50. Bc1 Kd5 51. Rc3 Kd4 52. Rxb3
Kc4 53. Rg3 Rh2 54. Be3 Re2 55. Kc1 Kd3 56. Bd2+ Kd4 57. Kc2 Rh2 58. Rg4+ Kd5
59. Kd3 Rh3+ 60. Be3 Rh1 61. Rg5+ Ke6 62. Ke4 Re1 63. Rg6+ Kf7 64. Ra6 Ke7 65.
Kd4 Kf7 66. Rb6 Re2 67. Bf4 Re6 68. Rb5 Re1 69. Bg3 Re2 70. Rb6 Re6 71. Rb7+
Re7 72. Rb5 Re2 73. Be5 Ke7 74. Kd5 Rd2+ 75. Bd4 Rd1 76. Rb7+ Kd8 77. Rh7 Rd2
78. Ke5 Kc8 79. Rg7 Rd1 80. Ke4 Kd8 81. Be5 Kc8 82. Rc7+ Kd8 83. Kf5 Rd7 84.
Rc2 Ke7 85. Rh2 Kf7 86. Rg2 Re7 87. Bf6 Rd7 88. Ke5 Ke8 89. Ke6 Re7+ 90. Kd6
Rd7+ 91. Ke5 Kf7 92. Rg1 Ke8 93. Rg8+ Kf7 94. Rh8 Rd1 95. Rh7+ Kg6 96. Rg7+ Kh6
97. Rg5 Ra1 98. Rg2 Re1+ 99. Kf5 Rf1+ 100. Ke6 Kh5 101. Rg5+ 1/2-1/2

[Event "4NCL/Div1a/CAMB1 vs. GUI2"]
[Site "Hinckley Island ENG"]
[Date "2008.12.06"]
[Round "3.8"]
[White "Sandu, Mihaela"]
[Black "Broomfield, Lucy"]
[Result "1-0"]
[WhiteElo "2273"]
[BlackElo "1949"]
[PlyCount "103"]
[EventDate "2008.12.06"]
[SourceDate "2008.10.04"]

1. e4 e6 2. d4 d5 3. Nc3 Nf6 4. Bg5 dxe4 5. Nxe4 Be7 6. Bxf6 Bxf6 7. Nf3 O-O 8.
Qd2 b6 9. c3 Bb7 10. Qf4 Nd7 11. O-O-O Bxe4 12. Qxe4 Qe7 13. Bb5 a6 14. Bc6
Rad8 15. h4 b5 16. g4 g6 17. g5 Bg7 18. h5 Bh8 19. hxg6 fxg6 20. Bd5 Rxf3 21.
Bxe6+ Rf7 22. f4 Re8 23. Rde1 Qxe6 24. Qxe6 Rxe6 25. Rxe6 a5 26. Rhe1 Nb6 27.
Rc6 Bg7 28. Rc5 b4 29. Rxa5 bxc3 30. bxc3 Rxf4 31. Rc5 Rf7 32. Rc6 Bf8 33. Kc2
Bd6 34. c4 Bg3 35. Re8+ Kg7 36. Kd3 Bf4 37. c5 Nd5 38. Kc4 Ne3+ 39. Kd3 Ng2 40.
a4 Bxg5 41. a5 Rf3+ 42. Kc4 Ne3+ 43. Kb5 Nd5 44. a6 Ra3 45. Re5 Bf4 46. Rxd5 h5
47. Rd7+ Kh6 48. Rf7 Be3 49. Rcxc7 Bxd4 50. a7 h4 51. Rh7+ Kg5 52. Rc8 1-0

[Event "4NCL/Div1a/WGHK1 vs. WRO1"]
[Site "Hinckley Island ENG"]
[Date "2008.12.06"]
[Round "3.1"]
[White "Berczes, David"]
[Black "Wells, Peter K"]
[Result "1-0"]
[WhiteElo "2514"]
[BlackElo "2516"]
[PlyCount "53"]
[EventDate "2008.12.06"]
[SourceDate "2008.10.04"]

1. d4 Nf6 2. c4 e6 3. Nc3 Bb4 4. a3 Bxc3+ 5. bxc3 c5 6. e3 O-O 7. Bd3 Nc6 8.
Ne2 b6 9. O-O Ba6 10. e4 Ne8 11. Ng3 cxd4 12. cxd4 Nxd4 13. Bb2 Nc6 14. e5 f5
15. exf6 Nxf6 16. Nh5 Qe7 17. Re1 e5 18. Ng3 Qc5 19. a4 Bb7 20. Qd2 Nd4 21.
Rxe5 Qxe5 22. Bxd4 Qe6 23. f3 Rae8 24. Nf5 h6 25. Qf4 Kh8 26. Qg3 Rf7 27. Qg6
1-0

[Event "4NCL/Div1a/WGHK1 vs. WRO1"]
[Site "Hinckley Island ENG"]
[Date "2008.12.06"]
[Round "3.2"]
[White "Jones, Gawain C B"]
[Black "Gordon, Stephen J"]
[Result "0-1"]
[WhiteElo "2548"]
[BlackElo "2521"]
[PlyCount "84"]
[EventDate "2008.12.06"]
[SourceDate "2008.10.04"]

1. e4 c5 2. Nf3 e6 3. d3 Nc6 4. g3 g6 5. Bg5 Qc7 6. Nc3 Bg7 7. Qd2 a6 8. Bg2 b5
9. O-O Bb7 10. a4 b4 11. Nd1 Nge7 12. c3 bxc3 13. bxc3 O-O 14. d4 d6 15. Rb1
Na5 16. Re1 Rab8 17. dxc5 dxc5 18. e5 Nc4 19. Qf4 Bxf3 20. Rxb8 Rxb8 21. Qxc4
Bxg2 22. Kxg2 Nd5 23. Qe4 c4 24. h4 Qc6 25. Bf6 Rb1 26. Kh2 Qb6 27. Qxc4 Bxf6
28. exf6 Nxf6 29. Qe2 h5 30. Kg1 Ng4 31. Qd2 a5 32. c4 Qb3 33. c5 Qxa4 34. Nc3
Rxe1+ 35. Qxe1 Qb4 36. c6 Qc5 37. Ne4 Qxc6 38. f3 Qb6+ 39. Kh1 Qe3 40. Qd1 Nf2+
41. Nxf2 Qxf2 42. f4 Qxg3 0-1

[Event "4NCL/Div1a/WGHK1 vs. WRO1"]
[Site "Hinckley Island ENG"]
[Date "2008.12.06"]
[Round "3.3"]
[White "Szabo, Krisztian"]
[Black "McNab, Colin"]
[Result "1/2-1/2"]
[WhiteElo "2520"]
[BlackElo "2455"]
[PlyCount "55"]
[EventDate "2008.12.06"]
[SourceDate "2008.10.04"]

1. e4 g6 2. d4 d6 3. f4 Bg7 4. Nc3 Nf6 5. Nf3 O-O 6. Bd3 Nc6 7. O-O Bg4 8. Be3
e5 9. dxe5 dxe5 10. Qd2 exf4 11. Bxf4 Nd4 12. Nxd4 Qxd4+ 13. Be3 Qe5 14. Qf2
Nd7 15. Bc4 Be6 16. Bb3 Qa5 17. Qh4 Rae8 18. Nd5 Bxd5 19. Bxd5 c6 20. Bb3 Nc5
21. Bxc5 Qxc5+ 22. Kh1 Qe7 23. Qf2 Bxb2 24. Rad1 Be5 25. Rd3 Kg7 26. Qxa7 Rd8
27. Rdf3 f6 28. Qe3 1/2-1/2

[Event "4NCL/Div1a/WGHK1 vs. WRO1"]
[Site "Hinckley Island ENG"]
[Date "2008.12.06"]
[Round "3.4"]
[White "Palliser, Richard"]
[Black "Lalic, Bogdan"]
[Result "1/2-1/2"]
[WhiteElo "2407"]
[BlackElo "2531"]
[PlyCount "36"]
[EventDate "2008.12.06"]
[SourceDate "2008.10.04"]

1. d4 Nf6 2. c4 e6 3. Nc3 Bb4 4. f3 d5 5. a3 Bxc3+ 6. bxc3 c5 7. cxd5 exd5 8.
e3 Qc7 9. Ra2 cxd4 10. cxd4 Bf5 11. g4 Bg6 12. Nh3 Nbd7 13. Nf4 Rc8 14. Bd2 Bc2
15. Qc1 g5 16. Nd3 h5 17. gxh5 Rxh5 18. Ne5 Bf5 1/2-1/2

[Event "4NCL/Div1a/WGHK1 vs. WRO1"]
[Site "Hinckley Island ENG"]
[Date "2008.12.06"]
[Round "3.5"]
[White "Arakhamia-Grant, Ketevan"]
[Black "Gayson, Peter M"]
[Result "1-0"]
[WhiteElo "2448"]
[BlackElo "2254"]
[PlyCount "125"]
[EventDate "2008.12.06"]
[SourceDate "2008.10.04"]

1. e4 c5 2. Nf3 e6 3. Nc3 a6 4. d4 cxd4 5. Nxd4 d6 6. Be3 Nf6 7. f3 Be7 8. Qd2
b5 9. g4 Bb7 10. O-O-O Qc7 11. g5 Nfd7 12. h4 Ne5 13. h5 Nbd7 14. Qg2 b4 15.
Na4 Nc5 16. Nxc5 dxc5 17. Nb3 a5 18. Bb5+ Bc6 19. Qe2 Qb6 20. Bxc6+ Qxc6 21. f4
a4 22. Nd2 Nd7 23. g6 b3 24. cxb3 axb3 25. a3 c4 26. Qxc4 Qxc4+ 27. Nxc4 hxg6
28. Rxd7 Rc8 29. Rd4 Bc5 30. Kd2 Bxd4 31. Nd6+ Kd7 32. Nxc8 Bxe3+ 33. Kxe3 Rxc8
34. hxg6 Rc2 35. Rd1+ Ke7 36. Rd2 Rc1 37. gxf7 Kxf7 38. Rd3 Re1+ 39. Kd4 Rf1
40. Ke5 Rh1 41. Rxb3 Rh5+ 42. Kd6 Rh4 43. Rf3 Rh2 44. b4 Kf6 45. Rb3 Rd2+ 46.
Kc5 Rc2+ 47. Kd4 Rd2+ 48. Rd3 Rb2 49. Rg3 g6 50. e5+ Kf5 51. Rg5+ Kxf4 52. Rxg6
Rb3 53. Rxe6 Rxa3 54. Rf6+ Kg5 55. b5 Ra4+ 56. Kd5 Rb4 57. b6 Rb1 58. Kc6 Rc1+
59. Kd7 Rd1+ 60. Kc7 Re1 61. b7 Rxe5 62. Rd6 Rc5+ 63. Kb6 1-0

[Event "4NCL/Div1a/WGHK1 vs. WRO1"]
[Site "Hinckley Island ENG"]
[Date "2008.12.06"]
[Round "3.6"]
[White "Barrett, Steve J"]
[Black "Greet, Andrew N"]
[Result "0-1"]
[WhiteElo "2226"]
[BlackElo "2440"]
[PlyCount "104"]
[EventDate "2008.12.06"]
[SourceDate "2008.10.04"]

1. d4 Nf6 2. c4 e6 3. Nc3 Bb4 4. Qc2 c5 5. dxc5 O-O 6. a3 Bxc5 7. Nf3 Qb6 8. e3
Qc7 9. b4 Be7 10. Bd3 d6 11. Bb2 Nbd7 12. O-O b6 13. Rac1 Bb7 14. Ne4 Rfc8 15.
Rfd1 h6 16. h3 a6 17. Ba1 Qb8 18. Qb2 Ra7 19. Bb1 b5 20. cxb5 Rxc1 21. Rxc1
axb5 22. Ned2 e5 23. Nh4 Bf8 24. Nb3 Nb6 25. Na5 Bd5 26. Bd3 Qe8 27. Qe2 Nc4
28. Nxc4 bxc4 29. Bxc4 Bxc4 30. Qxc4 Rxa3 31. Nf3 Qe6 32. Qxe6 fxe6 33. Rb1 Nd5
34. b5 Ra2 35. Kf1 Be7 36. Ke1 Bd8 37. g3 Bb6 38. Ng1 Nb4 39. Bc3 Nd3+ 40. Kd1
Nxf2+ 41. Ke1 Nd3+ 42. Kd1 Bxe3 43. Ne2 Bb6 44. Bd2 Nf2+ 45. Ke1 Ne4 46. Bb4
Kf7 47. g4 d5 48. Nc3 Nxc3 49. Bxc3 d4 50. Bb4 e4 51. Bd6 d3 52. Rb3 Be3 0-1

[Event "4NCL/Div1a/WGHK1 vs. WRO1"]
[Site "Hinckley Island ENG"]
[Date "2008.12.06"]
[Round "3.7"]
[White "Berczes, Csaba"]
[Black "Adams, David M"]
[Result "1-0"]
[WhiteElo "2399"]
[BlackElo "2177"]
[PlyCount "65"]
[EventDate "2008.12.06"]
[SourceDate "2008.10.04"]

1. Nf3 e6 2. g3 f5 3. Bg2 Nf6 4. O-O Be7 5. c4 O-O 6. b3 d6 7. d4 Qe8 8. Qc2
Ne4 9. Nc3 Nxc3 10. Qxc3 Bf6 11. c5 Nc6 12. cxd6 cxd6 13. Ba3 Be7 14. Rac1 Bd7
15. d5 exd5 16. Qd2 Qg6 17. Qxd5+ Be6 18. Qd2 f4 19. Nd4 Nxd4 20. Qxd4 Rad8 21.
Rc7 Rd7 22. Rxd7 Bxd7 23. Qxa7 f3 24. exf3 Bc6 25. Re1 Bg5 26. Qd4 Ra8 27. Bxd6
Rxa2 28. f4 Bf6 29. Be5 Be7 30. Bxg7 Bb4 31. Qxb4 Kxg7 32. Bxc6 Qxc6 33. Qd4+
1-0

[Event "4NCL/Div1a/WGHK1 vs. WRO1"]
[Site "Hinckley Island ENG"]
[Date "2008.12.06"]
[Round "3.8"]
[White "Maroroa, Sue"]
[Black "Tiller, Bjorn"]
[Result "0-1"]
[WhiteElo "1938"]
[BlackElo "2370"]
[PlyCount "66"]
[EventDate "2008.12.06"]
[SourceDate "2008.10.04"]

1. e4 c5 2. Nc3 Nc6 3. f4 e6 4. Nf3 d5 5. e5 h5 6. Bb5 Nge7 7. Bxc6+ Nxc6 8. d3
b5 9. Ne2 g6 10. c3 a5 11. d4 b4 12. Be3 Qb6 13. Qd2 Ba6 14. Rc1 Bxe2 15. Kxe2
c4 16. Qc2 a4 17. Ra1 a3 18. Rhb1 Qa5 19. Bd2 Be7 20. Kf2 axb2 21. Rxb2 bxc3
22. Bxc3 Bb4 23. Rc1 Bxc3 24. Qxc3 Qxc3 25. Rxc3 O-O 26. a3 Ra6 27. Ke2 Rfa8
28. Ra2 Rb8 29. Ke3 Rb3 30. Kd2 Ra4 31. Ra1 Rb6 32. Ke3 Rb2 33. Nd2 Nxd4 0-1

[Event "4NCL/Div1a/SWD1 vs. RIC"]
[Site "Hinckley Island ENG"]
[Date "2008.12.06"]
[Round "3.1"]
[White "Cobb, James E"]
[Black "Bates, Richard A"]
[Result "1/2-1/2"]
[WhiteElo "2451"]
[BlackElo "2387"]
[PlyCount "110"]
[EventDate "2008.12.06"]
[SourceDate "2008.10.04"]

1. Nf3 Nf6 2. d4 g6 3. e3 c5 4. Be2 Bg7 5. O-O cxd4 6. exd4 O-O 7. c4 d5 8. Nc3
Nc6 9. Bg5 Ne4 10. Bh4 Nxc3 11. bxc3 dxc4 12. Bxc4 Na5 13. Bd3 Be6 14. Re1 Rc8
15. Rc1 Re8 16. Rxe6 fxe6 17. Ng5 Qd5 18. Qg4 Bxd4 19. Be4 Qe5 20. Nxh7 Qh5 21.
Qxg6+ Qxg6 22. Bxg6 Red8 23. Bxe7 Rd7 24. Nf6+ Bxf6 25. Bxf6 Rf8 26. Bd4 Nc6
27. Be3 b6 28. h3 Ne7 29. Bc2 Rc8 30. Bb3 Kf7 31. Re1 Nd5 32. Bd4 b5 33. Re5
Rg8 34. Rh5 Ke7 35. Rh7+ Kd6 36. Be5+ Kc6 37. Rh6 Re7 38. f4 Ne3 39. g4 Nc4 40.
Bd4 Kd5 41. Rh5+ Ke4 42. Rxb5 Nd2 43. Bf6 Ree8 44. Kf2 Kd3 45. Be5 Ne4+ 46. Kf3
Nd2+ 47. Kg2 Ke3 48. Rb4 a5 49. Rb6 Nf3 50. Rxe6 Rxe6 51. Bxe6 Rd8 52. Bc7 Rd1
53. Bb6+ Kxf4 54. Bc7+ Ke3 55. Bb6+ Kf4 1/2-1/2

[Event "4NCL/Div1a/SWD1 vs. RIC"]
[Site "Hinckley Island ENG"]
[Date "2008.12.06"]
[Round "3.2"]
[White "Wall, Gavin"]
[Black "Cooper, John G"]
[Result "1/2-1/2"]
[WhiteElo "2307"]
[BlackElo "2362"]
[PlyCount "43"]
[EventDate "2008.12.06"]
[SourceDate "2008.10.04"]

1. e4 e6 2. d4 d5 3. e5 c5 4. c3 Nc6 5. Nf3 Bd7 6. dxc5 Bxc5 7. b4 Bb6 8. Bd3
Nge7 9. Qe2 Ng6 10. b5 Na5 11. h4 h6 12. h5 Ne7 13. Nbd2 Qc7 14. Bb2 O-O 15. a4
a6 16. bxa6 bxa6 17. O-O Rfb8 18. Ba3 Bc5 19. Bxa6 Nb3 20. Nxb3 Rxb3 21. Bxc5
Qxc5 22. Rfb1 1/2-1/2

[Event "4NCL/Div1a/SWD1 vs. RIC"]
[Site "Hinckley Island ENG"]
[Date "2008.12.06"]
[Round "3.3"]
[White "Morris, Charles F"]
[Black "Bisby, Daniel L"]
[Result "0-1"]
[WhiteElo "2195"]
[BlackElo "2287"]
[PlyCount "94"]
[EventDate "2008.12.06"]
[SourceDate "2008.10.04"]

1. c4 g6 2. g3 Bg7 3. Bg2 d6 4. Nc3 e5 5. e3 f5 6. d4 Nc6 7. Nge2 Nf6 8. Bxc6+
bxc6 9. dxe5 dxe5 10. Qxd8+ Kxd8 11. Na4 Nd7 12. O-O Nb6 13. Rd1+ Ke7 14. Nc5
Nxc4 15. e4 Re8 16. b3 Nd6 17. Ba3 Kf7 18. f3 fxe4 19. fxe4 Bg4 20. Re1 Kg8 21.
Na6 Nb5 22. Bc1 Rad8 23. Bg5 Rd7 24. Rac1 Nd4 25. Nxd4 exd4 26. Nc5 Rf7 27. Bf4
h6 28. h4 g5 29. hxg5 hxg5 30. Bxg5 Be5 31. Bf4 Bxf4 32. gxf4 Rxf4 33. e5 Bf3
34. Nd7 d3 35. Rf1 d2 36. Rcd1 Kh8 37. Rxd2 Rg8+ 38. Kf2 Bg2+ 39. Ke2 Rxf1 40.
Ke3 Rf3+ 41. Kd4 Rf4+ 42. Kc5 Rg5 43. Rd4 Rxd4 44. Kxd4 Kg7 45. e6 Bh3 46. Nc5
Rd5+ 47. Kc4 Bf1+ 0-1